000 01710nam a2200433 i 4500
001 ELB42926
003 FlNmELB
006 m o d |
007 cr cnu||||||||
008 150216s2013 sp ob 001 0 spa d
020 _z9788415834298
020 _a9788415834618 (e-book)
035 _a(MiAaPQ)EBC3226685
035 _a(Au-PeEL)EBL3226685
035 _a(CaPaEBR)ebr11002057
035 _a(OCoLC)991927935
040 _aFINmELB
_bspa
_erda
_cFINmELB
050 4 _aK3260.3
_b.Z68 2013
080 _a364
082 0 _a362.1
_223
100 1 _aZúñiga Fajuri, Alejandra.
245 1 0 _aEquidad y derecho a la protección de la salud /
_cAlejandra Zúñiga Fajuri.
264 1 _aAlcalá de Henares :
_bUniversidad de Alcalá, Servicio de Publicaciones,
_c2013.
300 _a1 recurso en línea (182 páginas)
336 _atexto
_btxt
_2rdacontent/spa
337 _acomputadora
_bc
_2rdamedia/spa
338 _arecurso en línea
_bcr
_2rdacarrier/spa
490 1 _aCuadernos de la Cátedra de Democracia y Derechos Humanos ;
_v10
500 _aIncluye índice.
504 _aContiene bibliografía.
588 _aDescripción basada en recurso en línea; Título de la página del título en PDF (e-libro, visto February 16, 2015).
590 _aRecurso electrónico. Santa Fe, Arg.: e-libro, 2015. Disponible vía World Wide Web. El acceso puede estar limitado para las bibliotecas afiliadas a e-libro.
650 0 _aRight to health.
650 4 _aDerecho a la salud.
655 4 _aLibros electrónicos.
797 2 _ae-libro, Corp.
830 0 _aCuadernos de la Cátedra de Democracia y Derechos Humanos ;
_v10.
856 4 0 _uhttps://elibro.net/ereader/usam/42926
999 _c151268
_d151268